MARC

LEADER 00000nam0a2200000 4500
001 331038
005 20231102004322.0
035 |a (RuTPU)RU\TPU\book\356826 
035 |a RU\TPU\book\356825 
090 |a 331038 
100 |a 20170413d1980 k y0rusy50 ca 
101 0 |a rus 
102 |a RU 
105 |a a z 001zy 
200 1 |a Перспективы открытия новых месторождений Татарии и особенности их разработки  |f Татарский государственный научно-исследовательский и проектный институт нефтяной промышленности (ТатНИПИнефть) 
210 |a Бугульма  |c ТатНИПИнефть  |d 1980 
215 |a 115 с.  |c ил. 
225 1 |a Труды [Татарского государственного научно-исследовательского и проектного института (татНИПИнефть)]  |v Вып. 42 
320 |a Библиография в конце статей 
606 |a Нефтяные месторождения  |x Геология  |2 stltpush  |3 (RuTPU)RU\TPU\subj\45952  |9 65141 
606 1 |a Нефть  |x Системы разработки  |2 stltpush  |3 (RuTPU)RU\TPU\subj\45894  |9 65084 
610 1 |a нефтедобыча 
610 1 |a геологоразведка 
610 1 |a поисково-разведочные работы 
610 1 |a нефтяные пласты 
610 1 |a заводнение 
610 1 |a подземные воды 
610 1 |a нефть 
610 1 |a нефтяные ловушки 
610 1 |a Татария 
610 1 |a нефтеносные пласты 
610 1 |a каменноугольные отложения 
610 1 |a девонские отложения 
610 1 |a палеозой 
610 1 |a пластовые давления 
610 1 |a изменение 
675 |a 553.982  |v 3 
675 |a 622.276  |v 3 
712 0 2 |a Татарский государственный научно-исследовательский и проектный институт нефтяной промышленности (ТатНИПИнефть)  |2 stltpush  |3 (RuTPU)RU\TPU\col\13469 
801 1 |a RU  |b 63413507  |c 20090425  |g PSBO 
801 2 |a RU  |b 63413507  |c 20170421  |g PSBO 
942 |c BK